Estatuto Tributario 2020

Bibliographic Details
Main Author: Zuluaga P., Jorge Hernǹ
Format: eBook
Language:Spanish
Published: Bogot:̀ ECOE, 2020
Edition:Cuarta Edicin̤
Subjects:
Online Access:Acceso restringido

MARC

LEADER 00000nam a22000007a 4500
005 20200304212946.0
007 cr|||| ||||
008 200304s2020 co |||||s|||| 00||0 spa d
020 |a 978-958-771-869-0 
035 |a 31228 
040 |a vLex 
090 |c 10178  |d 10178 
100 1 |a Zuluaga P., Jorge Hernǹ 
245 1 0 |a Estatuto Tributario 2020  |h [Recurso electrn̤ico] /  |c Jorge Hernǹ Zuluaga P. 
250 |a Cuarta Edicin̤ 
256 |a Servicio en ln̕ea 
260 |a Bogot:̀  |b ECOE,  |c 2020 
300 |a 1 recurso electrn̤ico 
506 1 |a Disponible solo en los productos indicados  |d vLex Global  |d vLex Global (Academic Edition, excluding Law Schools)  |d vLex Global (U.S. Academic Edition, Law Schools)  |d vLex Global (U.S. Academic Edition, excluding Law Schools)  |d vLex Global (Academic Edition, Law Schools) 
650 0 4 |a Derecho Tributario  |z Colombia 
740 0 |a vLex Libros (Servicio en ln̕ea) 
856 4 0 |u http://vlex.com/source/estatuto-tributario-2020-31228  |z Acceso restringido 
942 |c BOOK 
999 0 |a Tax Law